Αυτοδιαχείριση : το μέλλον του σοσιαλισμού.

Αποθηκεύτηκε σε:
Λεπτομέρειες βιβλιογραφικής εγγραφής
Κύριος συγγραφέας: Rosanvallon, Pierre, 1948-
Άλλοι συγγραφείς: Πάγκαλος, Θεόδωρος Γ., 1938-
Μορφή: Βιβλίο
Γλώσσα:Greek
Δημοσίευση: Αθήνα : Ανδρομέδα, 1977
Σειρά:Αυτοδιαχείριση και Σοσιαλισμός ; ; 2
Θέματα:
Ετικέτες: Προσθήκη ετικέτας
Δεν υπάρχουν, Καταχωρήστε ετικέτα πρώτοι!

MARC

LEADER 00000cam a2200000 i 4500
001 1/63622
008 960405s1977 gr ||| | gre||
035 |l 10029289 
040 |a GR-MY-UA  |b gre  |e aacr 
041 0 |a gre 
082 0 |a 320.531  
100 1 |a Rosanvallon, Pierre,   |d 1948- 
245 1 0 |a Αυτοδιαχείριση : το μέλλον του σοσιαλισμού. 
260 |a Αθήνα :   |b Ανδρομέδα,   |c 1977 
300 |a 184 σ. 
490 1 |a Αυτοδιαχείριση και Σοσιαλισμός  |v ; 2 
650 0 0 |a Socialism. 
650 0 0 |a Works councils. 
650 0 0 |a Management  |x Employee participation. 
700 1 |a Πάγκαλος, Θεόδωρος Γ.,   |d 1938- 
830 0 |a Αυτοδιαχείριση και Σοσιαλισμός ;  |v ; 2 
852 |a INST  |b CHIOS  |e 19960405  |h 320.531 ROS  |p 005200006068  |q 005200006068  |t BK  |y 0 
852 |a INST  |b CHIOS  |e 19960405  |h 320.531 ROS  |p 005200006069  |q 005200006069  |t BK  |y 0 
852 |a INST  |b LESVOS  |e 20060518  |h 320.531 ROS  |p 005100034993  |q 005100034993  |t BK  |y 0 
901 |a BIBL1-2006-2 
909 |a Χ  |b 006054 
909 |a Χ  |b 003580 
909 |a Λ  |b 123991